| 000 | 00482nam a22001691a 4500 | ||
|---|---|---|---|
| 001 | 12396 | ||
| 003 | OSt | ||
| 005 | 20260204212324.0 | ||
| 008 | 150701s2007||||dr ||||||b||||||||||spa|| | ||
| 082 | _aRD 291.2 M479v | ||
| 100 | _aMejia Vallejo, Fausto Ramon | ||
| 245 | _aEl vivir que nos hace Feliz / Fausto Ramon Mejía Vallejo | ||
| 264 | _aRepública Dominicana: Ucateci | ||
| 300 | _a201 p. | ||
| 650 | _aTeología 2.Jesucristo 3.Dios 4.Iglesia CatólicaÌ | ||
| 942 |
_2ddc _cBK |
||
| 999 |
_c12396 _d12396 |
||